000
00303nam a22001457a 4500
008
230529b ||||| |||| 00| 0 eng d
020
_a
9782070377688
041
_a
FRA
080
_a
82
082
_a
82TOU
100
_a
38
101
_a
GJL
245
_a
PETITES PROSES
_c
TOURNIER
942
_2
udc
_c
BK
999
_c
59863
_d
59863